[Event "NATO-ch 34th"]
[Site "Rhodes"]
[Date "2024.10.22"]
[Round "3"]
[White "Filipow, Mateusz"]
[Black "Violini, Paolo"]
[Result "1-0"]
[WhiteElo "1843"]
[BlackElo "1949"]
[PlyCount "121"]
[EventDate "2024.10.21"]
[EventType "swiss"]
[EventRounds "7"]
[EventCountry "GRE"]
[SourceTitle "CB44_2024"]
[Source "Chessbase"]
[SourceDate "2024.10.30"]
[SourceVersion "1"]
[SourceVersionDate "2024.10.30"]
[SourceQuality "1"]

1. e4 c5 2. Nc3 Nc6 3. f4 g6 4. Nf3 Bg7 5. d3 e6 6. g3 Nge7 7. Bg2 0-0 8. 0-0 d5 9. g4 Nd4 10. Nxd4 Bxd4+ 11. Kh1 Bg7 12. Qe1 dxe4 13. dxe4 Bd7 14. Ne2 Ba4 15. f5 exf5 16. gxf5 Qb6 17. Qh4 f6 18. b3 Bd7 19. Ng3 Qb4 20. Bb2 Rad8 21. Qf4 Qb6 22. Rad1 Bc6 23. Rxd8 Qxd8 24. Bf3 Qa5 25. a4 Qb6 26. Qd6 Rf7 27. Ba3 Nxf5 28. Nxf5 gxf5 29. Bxc5 Qc7 30. exf5 Qxd6 31. Bxd6 Rd7 32. Bxc6 bxc6 33. Bc5 Bf8 34. Bxf8 Kxf8 35. Kg2 Rd5 36. Rf3 Rd2+ 37. Rf2 Rd5 38. Kg3 Kf7 39. Kf4 c5 40. Ke4 Rd4+ 41. Ke3 Rd5 42. Rf4 a5 43. Ke4 Rd2 44. c3 Rb2 45. Kd5 Rxb3 46. Kxc5 Rxc3+ 47. Kb5 Rc2 48. h4 h5 49. Kxa5 Rg2 50. Kb5 Rg4 51. Rf1 Rxh4 52. a5 Rh2 53. Ra1 Rf2 54. a6 Rb2+ 55. Ka5 Rb8 56. a7 Ra8 57. Kb6 Ke7 58. Kb7 Rg8 59. a8Q Rxa8 60. Rxa8 Kd6 61. Rh8 1-0

[Event "NATO-ch 34th"]
[Site "Rhodes"]
[Date "2024.10.21"]
[Round "1"]
[White "Filipow, Mateusz"]
[Black "Schott, Guido"]
[Result "1/2-1/2"]
[WhiteElo "1843"]
[BlackElo "2059"]
[PlyCount "44"]
[EventDate "2024.10.21"]
[EventType "swiss"]
[EventRounds "7"]
[EventCountry "GRE"]
[SourceTitle "CB44_2024"]
[Source "Chessbase"]
[SourceDate "2024.10.30"]
[SourceVersion "1"]
[SourceVersionDate "2024.10.30"]
[SourceQuality "1"]

1. d4 Nf6 2. Nf3 e6 3. c4 b6 4. Nc3 Bb4 5. a3 Bxc3+ 6. bxc3 d6 7. Qc2 Bb7 8. e3 Be4 9. Bd3 Bxd3 10. Qxd3 Nbd7 11. e4 e5 12. 0-0 0-0 13. Bg5 h6 14. Bh4 Qe7 15. Nd2 g5 16. Bg3 Nh5 17. Rfe1 Rae8 18. Nf1 Nf4 19. Qc2 Qe6 20. d5 Qg6 21. Ne3 Nc5 22. Nf5 Nh5 1/2-1/2

[Event "POL-ch Academic"]
[Site "Chorzow"]
[Date "2021.05.14"]
[Round "4.20"]
[White "Marczuk, Dominik"]
[Black "Filipow, Mateusz"]
[Result "1-0"]
[WhiteElo "2292"]
[BlackElo "1752"]
[PlyCount "67"]
[EventDate "2021.05.14"]
[EventType "swiss (rapid)"]
[EventRounds "9"]
[EventCountry "POL"]
[SourceTitle "CBM 202 Extra"]
[Source "ChessBase"]
[SourceDate "2021.07.31"]
[SourceVersion "1"]
[SourceVersionDate "2021.07.31"]
[SourceQuality "1"]

1. e4 g6 2. d4 Bg7 3. Nc3 d6 4. f4 a6 5. Nf3 b5 6. Bd3 Nd7 7. e5 dxe5 8. dxe5 Bb7 9. Be4 Bxe4 10. Nxe4 Nh6 11. Qe2 Nb6 12. 0-0 0-0 13. Be3 c6 14. c3 Nf5 15. Rad1 Qc7 16. Bc1 Rad8 17. e6 f6 18. Nc5 Nd5 19. g4 Nd6 20. Nd4 f5 21. Nd7 Rfe8 22. gxf5 c5 23. Nf3 Nxf5 24. Rxd5 Qc6 25. Rfd1 Nd6 26. Nfe5 Bxe5 27. fxe5 Nb7 28. Qg4 c4 29. Be3 a5 30. h4 b4 31. h5 Rxd7 32. exd7 Rd8 33. hxg6 hxg6 34. e6 1-0